| 000 | 00523nam a2200217Ia 4500 | ||
|---|---|---|---|
| 003 | OSt | ||
| 005 | 20220926042018.0 | ||
| 006 | a|||||r|||| 00| 0 | ||
| 007 | ta | ||
| 008 | 220923b |||||||| |||| 00| 0 eng d | ||
| 037 | _cGeneral Book | ||
| 040 |
_aRTL _cRTL _beng |
||
| 041 |
_2eng _aeng |
||
| 082 | _aY7v, G6 | ||
| 100 |
_aBrooke F A _9345733 |
||
| 245 | 0 | _aScience of social development | |
| 260 | _c1936 | ||
| 650 | _aRace | ||
| 942 |
_hY7v, G6 _cGB _2CC |
||
| 999 |
_c668663 _d668663 |
||